00462nam a2200181Ia 4500008004100000020001800041050001400059100002100073245004100094245004600135260001500181260001600196260000900212300001400221300002700235300001000262500000800272170918s9999 xx 000 0 und d a9780545113847 bS587 2007 aSilverman, Erica aCowgirl Kate and cocoa school days / cErica Silverman ; painted by Betsy Lewin. aNew York : bScholastic, c2007 aunpaged : bcolored illustration ; c23cm. a400